000 01660nam a2200397 i 4500
001 140948
003 FlNmELB
005 20241217181541.0
006 m o d |
007 cr cnu||||||||
008 190318s2012 sp ob 000 0 spa d
020 _a9783954870981
_q(e-book)
020 _z9788484896838
035 _a(OCoLC)1128736264
040 _aFINmELB
_bspa
_erda
_cFINmELB
050 4 _aPQ7472.N7
_bO785 2012
080 _a82.09
082 0 _a863
_223
100 1 _aOrtiz Wallner, Alexandra.
245 1 3 _aEl arte de ficcionar :
_bla novela contemporánea en Centroamérica /
_cAlexandra Ortiz Wallner.
264 1 _aMadrid :
_bIberoamericana ;
_aFrankfurt am Main :
_bVervuert,
_c2012.
300 _a1 recurso en línea (307 páginas)
336 _atexto
_btxt
_2rdacontent/spa
337 _acomputadora
_bc
_2rdamedia/spa
338 _arecurso en línea
_bcr
_2rdacarrier/spa
490 1 _aEdiciones de Iberoamericana. Serie A, Historia y crítica de la literatura ;
_v61
504 _aIncluye referencias bibliográficas.
588 _aDescripción basada en el editor de metadatos y otras fuentes.
590 _aRecurso electrónico. Santa Fe, Arg.: elibro, 2019. Disponible vía World Wide Web. El acceso puede estar limitado para las bibliotecas afiliadas a elibro.
650 0 _aCentral American fiction
_xHistory and criticism.
650 4 _aFicción
_xHistoria y crítica.
655 4 _aLibros electronicos.
797 2 _aelibro, Corp.
830 0 _adiciones de Iberoamericana. Serie A, Historia y crítica de la literatura ;
_v61.
856 4 0 _uhttps://elibro.net/ereader/politecnicointernacional/36981
_zClick to View
999 _c140948
_d140948